Využitie technickej analýzy pri investovaní bakalárska práca
Na minha lista:
| Autor principal: | |
|---|---|
| Autor Corporativo: | |
| Outros Autores: | |
| Formato: | Livro |
| Idioma: | eslovaco |
| Publicado em: |
Bratislava
2018
|
| Tags: |
Sem tags, seja o primeiro a adicionar uma tag!
|
MARC
| LEADER | 00000nbm a2200000 4500 | ||
|---|---|---|---|
| 001 | 0244855 | ||
| 005 | 20180927145301.5 | ||
| 041 | 0 | |a slo | |
| 044 | |a SK | ||
| 245 | 1 | 0 | |a Využitie technickej analýzy pri investovaní |b bakalárska práca |c Dominik Sivčák ; školiteľ: Peter Badura |
| 264 | 1 | |a Bratislava |c 2018 | |
| 300 | |a 46 s. | ||
| 100 | 1 | |a Sivčák, Dominik | |
| 700 | 1 | |a Badura, Peter, 1978- | |
| 710 | 2 | |a Fakulta podnikového manažmentu EU. Katedra podnikových financií | |